African Journal of International and Comparative Law

Bibliographic Details
Format: eBook
Language:English
Published: Edimburgo: Edinburgh University Press, 2008 -
Subjects:
Online Access:Acceso restringido

MARC

LEADER 00000nam a22000007a 4500
005 20220202222633.0
007 cr|||| ||||
008 220202c20089999gb n|w s|||| 0|||b1eng d
022 |a 1755-1609 
035 |a 35239 
040 |a vLex 
090 |c 12909  |d 12909 
245 0 0 |a African Journal of International and Comparative Law  |h [Recurso electrn̤ico] / 
256 |a Servicio en ln̕ea 
260 |a Edimburgo:  |b Edinburgh University Press,  |c 2008 - 
300 |a 1 recurso electrn̤ico 
310 |a Irregular 
500 |a The African Journal of International and Comparative Law provides invaluable scholarly material on law from a pan-African point of view. The journal includes articles on both public and private international law, either in English or French, as well as recent developments relevant to the continent of Africa. 
506 1 |a Disponible solo en los productos indicados  |d vLex Global  |d vLex Global (Academic Edition, excluding Law Schools)  |d vLex Global (U.S. Academic Edition, Law Schools)  |d vLex Global (U.S. Academic Edition, excluding Law Schools)  |d vLex Global (Academic Edition, Law Schools) 
650 0 4 |a Derecho Civil  |z Reino Unido 
740 0 |a vLex Revistas (Servicio en ln̕ea) 
856 4 0 |u https://app.vlex.com/#/sources/35239  |z Acceso restringido 
942 |c REV 
999 0 |a Civil Law